000 00464nam a2200181Ia 4500
001 8596
005 20260306160621.0
008 260306t2001||||xx |||||||||||||| ||spa||
041 _aESP
082 _a371.2
_bC32
100 _aCasares Arrangoiz, David
_eAUT
245 0 _aLíderes y educadores:
_bel maestro, creador de una nueva sociedad
260 _c2001
300 _a155 páginas :
_c21 cm.
650 _aGEN
654 _aCED
942 _cLIB
_dJUS
_fJUS
_2ddc
_n
999 _c8596
_d8596